000 00978nam a22002657a 4500
999 _c17344
_d17344
003 AR-CdUCM
008 190508b ||||| |||| 00| 0 spa d
040 _aMUNICIPALIDAD PROVINCIAL DEL CUSCO
_cBIBLIOTECA MUNICIPAL DEL CUSCO
082 _a547.0078 /
_bF49
100 _aFieser, Louis Frederick
_937308
245 _aExperimentos orgánicos /
260 _aBarcelona :
_bReverte,
_c1967.
300 _a460 paginas ;
_c23 cm.
_bIlustraciones,
500 _aTitulo original : Organic experiments
505 _aContenido : Experimentos orgánicos -- Aparatos -- Pesos y medidas -- Experimentos -- Decoloración...
650 _aGases nobles
_930042
650 _aQuímica orgánica
_921647
650 _aQuímica fundamental
_937309
650 _aCombinaciones de gases
_937310
650 _aSustancias desconocidas
_937311
650 _aExperimentos
_92381
700 _aAreal Guerra, Rogelio (Traducción)
_937312
942 _2ddc
_cLIBROS
945 _awnts
_d2019-05-8